LA REVOLUTION ET L'EMPIRE (1789-1815) /

CONTENIDO: V. 2 NAPOLEON (1799-1815)

Furkejuvvon:
Bibliográfalaš dieđut
Váldodahkki: Villat, Louis (autor)
Materiálatiipa: Girji
Preanttus:3a edición
Ráidu:CLIO ; 8
Fáttát:
Fáddágilkorat: Lasit fáddágilkoriid
Eai fáddágilkorat, Lasit vuosttaš fáddágilkora!

MARC

LEADER 00000nam^a2200000^a^4500
001 000246011
005 20250521000000.0
009 20260310105521.704
035 |a 068105 
037 |a Acervo Xavier Clavigero 
082 |a 944. 04 VIL 
100 |a Villat, Louis  |e (autor) 
245 1 3 |a LA REVOLUTION ET L'EMPIRE (1789-1815) /  |c LOUIS VILLAT 
250 |a 3a edición 
264 |a PARIS :  |b UNIVERSITAIRES DE FRANCE,  |c 1947 
300 |a V.- 
336 |a texto  |b txt  |2 rdacontenido 
337 |a sin mediación  |b n  |2 rdamedio 
338 |a volumen  |b nc  |2 rdasoporte 
440 |a CLIO ;  |v 8 
520 |a CONTENIDO: V. 2 NAPOLEON (1799-1815) 
649 |a XX 
650 |a Francia -  |x Historia -  |y Revolución Constitucional, 1789-1792 
910 |a Fondo General 
920 |a Impresos - Libros 
930 |a Colección General 
905 |a 101 
901 |a 068105  |b IT1  |c ACC  |i 068105  |u 20250521 
901 |a 068114  |b IT1  |c ACC  |i 068114  |u 20250521 
902 |a https://opac.biblio.iteso.mx/vufind/Record/000246011